Statistics for International Rugby - The Tuilagi Family

Click here to take the quiz!

General Stats

  • This quiz has been taken 14 times
  • The average score is 4 of 6

Answer Stats

Tuilagi Brother% Correct
Manu
100%
Alesana
71%
Freddie
71%
Henry
71%
Anitelea
50%
Sanele
14%

Score Distribution

Percentile by Number Answered

Percent of People with Each Score

Your Score History

You have not taken this quiz